It looks like you're offline.
Open Library logo
additional options menu

MARC Record from Scriblio

Record ID marc_records_scriblio_net/part03.dat:72775109:704
Source Scriblio
Download Link /show-records/marc_records_scriblio_net/part03.dat:72775109:704?format=raw

LEADER: 00704cam 22002291 4500
001 38004215
003 DLC
005 20050826171129.0
008 790823s1936 cl 000 1 spa
010 $a 38004215
035 $a(OCoLC)5302084
040 $aDLC$cLLafS$dOCoLC$dDLC
042 $apremarc
050 00 $aPQ7297.M6$bC8
082 $a863.6
100 1 $aMonterde, Francisco,$d1894-
245 10 $aCuentos mexicanos.
260 $aSantiago de Chile,$bEdiciones Ercilla,$c1936.
300 $a123, [1] p., 1 l.$c18 cm.
490 0 $aColección nueva Ercilla
500 $aAt head of title: ... Francisco Monterde.
505 0 $aDestinos humildes.--Siluetas urbanas.--Muecas.--Cruceros.--Perfiles fantásticos.